000 00354nam a2200145Ia 4500
003 LK-CoDNM
008 010623t1896 xxu||||| |||| 00| 1 eng d
040 _aLK-CoDNM
_dLK-CoDNM
_eLK-CoDNM
041 _aeng
080 _a50
_bB 1
245 _aBye-Laws of"Good will" Lodge
260 _bClifton Press
_aColombo
_c1896
300 _b8p., 15 cm
942 _cBK
999 _c84214
_d84214